MARC

LEADER 00000nam0a2200000 4500
001 273363
005 20231101234625.0
020 |a RU  |b 87-74743 
035 |a (RuTPU)RU\TPU\book\296572 
090 |a 273363 
100 |a 20141024d1987 k y0rusy5003 ca 
101 0 |a rus 
102 |a RU 
105 |a a z 001zy 
200 1 |a Шумовая термометрия  |f А. В. Саватеев 
210 |a Ленинград  |c Энергоатомиздат  |d 1987 
215 |a 132 с.  |c ил. 
320 |a Библиогр.: с. 126-131 (125 назв.) 
606 1 |a Термометрия  |2 stltpush  |3 (RuTPU)RU\TPU\subj\59941  |9 77433 
610 1 |a шумовая термометрия 
610 1 |a физические основы 
610 1 |a температура 
610 1 |a флуктуации 
610 1 |a физические величины 
610 1 |a тепловой шум 
610 1 |a использование 
610 1 |a термометры 
675 |a 536.51  |z rus  |v 4 
700 1 |a Саватеев  |b А. В.  |g Александр Владимирович  |4 070 
801 0 |a RU  |b RuMRKP  |c 19950417  |g psbo 
801 1 |a RU  |b 63413507  |c 20141024 
801 2 |a RU  |b 63413507  |c 20191224  |g RCR 
942 |c BK